| 000 | 00412nam a2200145Ia 4500 | ||
|---|---|---|---|
| 008 | 220216s9999 xx 000 0 und d | ||
| 100 | _aTaikum Orawan | ||
| 245 | 0 | _aSilane-rubber coupling in sulfur, peroxide and metal oxide curing systems | |
| 260 |
_bRubber World _c2004 |
||
| 300 | _a30-39 | ||
| 650 | _aCuring system | ||
| 650 | _aSilane-rubber coupling | ||
| 700 | _aLuginsland Hans-Detlef | ||
| 942 | _cJS | ||
| 999 |
_c68692 _d68692 |
||